| 000 | 00795nam a22002657a 4500 | ||
|---|---|---|---|
| 001 | 8821 | ||
| 003 | FISKH | ||
| 005 | 20251022085203.0 | ||
| 008 | 251022b cb ||||| |||| 00| 0 eng d | ||
| 020 | _a9780440404903 | ||
| 040 |
_aFISKH _beng _cFISKH _dFISKH813.54 LCC PZ7.B6265 F |
||
| 050 | _aPZ7.B6265 F | ||
| 082 | _a813.54 | ||
| 100 |
_aBlume, Judy _eAuthor |
||
| 245 |
_aFudge-a-Mania / _cJudy Blume |
||
| 260 |
_aNew York : _bDell Publishing , _c1990 |
||
| 300 |
_a147 pages : _c20 cm |
||
| 505 | _aJ | ||
| 520 | _aPete describes the family vacation in Maine with the Tubmans, highlighted by the antics of his younger brother Fudge. | ||
| 521 | 8 |
_a490
_bLexile |
|
| 521 | 8 |
_aJ
_bRaz-Plus |
|
| 650 |
_aChildren's literature _vComedy |
||
| 942 |
_2ddc _cBK _n0 |
||
| 999 |
_c8821 _d8821 |
||